|
|
|
|
| LEADER |
00000nam a2200000 a 4500 |
| 001 |
vtls001256378 |
| 003 |
SK-MaSNL |
| 005 |
20260413115233.0 |
| 008 |
250414s1994 xo 0 eng |
| 035 |
|
|
|a SNK000207210
|
| 040 |
|
|
|a SNK
|b slo
|c SNK
|e AACR2
|
| 041 |
0 |
|
|a slo
|
| 044 |
|
|
|a xo
|c SK
|
| 080 |
|
|
|a 784.66:785.1(086.7)
|2 1981
|
| 080 |
|
|
|a 785.1
|2 1981
|
| 245 |
0 |
0 |
|a Fermata. Real Time
|h Audiozáznam ; Fotogr. Patrik Španko ; Design Alexander Klinko ; Cover Alexander Klimko ; Aranž. František Griglák ; Spoluúčinkujú Paľo Horváth, Erich Procházka ; Účinkuje skupina Fermata
|
| 260 |
|
|
|a Bratislava
|b Ena records
|c 1994
|
| 300 |
|
|
|a 1 kompaktná platňa (47 min. 14 sek.)
|b stereo
|
| 500 |
|
|
|a Fermata
|
| 655 |
|
7 |
|a kompaktné platne
|2 SNK
|9 70690
|
| 700 |
1 |
|
|a Španko, Patrik
|4 pht
|9 285295
|
| 700 |
1 |
|
|a Klinko, Alexander
|4 bkd
|9 9117
|
| 700 |
1 |
|
|a Klimko, Alexander
|4 nob
|9 285280
|
| 700 |
1 |
|
|a Griglák, František,
|d 1953-
|4 ara
|9 152937
|
| 700 |
1 |
|
|a Horváth, Paľo
|4 uci
|9 285296
|
| 700 |
1 |
|
|a Procházka, Erich,
|d 1961-
|4 uci
|9 111157
|
| 710 |
2 |
|
|a Fermata (hudobná skupina)
|4 uci
|
| 852 |
|
|
|a Slovenská národná knižnica
|
| 954 |
|
|
|a populárna hudba
|
| 999 |
|
|
|c 539821
|d 541751
|
| 952 |
|
|
|t P60, <03>, [BOOK], {603}
|a SNK
|b SNK
|y PREZ
|7 0
|p 17A0038508
|o snkSCD 514
|i snkJK 758/95
|0 0
|1 0
|4 0
|d 1997-02-14
|l 0
|r 2005-01-01 00:00:00
|w 2026-02-23
|